000 00706nam a22001817a 4500
003 OSt
005 20260407122953.0
008 260407b |||||||| |||| 00| 0 SPA d
082 _22298024157
100 _aBABEL IDIOMAS
245 _aINGLES AMERICANO PARA TODOS
260 _aJESUS MARIA - PERU
_bBABEL IDIOMAS
_c2000
300 _a318 PAG
_cLIBRO DE BOLSILLO
490 _3HOJA RUSTICA BLANDA
520 _aAprende el inglés americano de una forma rápida , sencilla y eficaz , con el método cotidiano Metodo que expresa las circunstancias reales de la vida diaria en los EE.UU.
650 _aINGLES AMERICANO PARA TODOS
_vLUGARES TEMATICOS
_xPRONUNCIACION FLUIDA
942 _2ddc
_cBKA
_n0
999 _c2048
_d2048